|
|
|
|
| LEADER |
00000cas a2200000 a 4500 |
| 001 |
vtls010034160 |
| 003 |
SK-MaSNL |
| 005 |
20260228163838.0 |
| 008 |
091222d20092018xo dr|p 0 b0ita |
| 040 |
|
|
|a SVKBB
|b slo
|c SVKBB
|d SNK
|e AACR2
|
| 041 |
0 |
|
|a ita
|
| 044 |
|
|
|a xo
|c SK
|
| 072 |
|
7 |
|a 32
|x Politika
|2 konspekt
|
| 072 |
|
7 |
|a 33
|x Ekonómia
|2 konspekt
|
| 072 |
|
7 |
|a 316
|x Sociológia
|2 konspekt
|
| 080 |
|
|
|a 050
|2 2001
|
| 080 |
|
|
|a 32
|2 2001
|
| 080 |
|
|
|a 33
|2 2001
|
| 080 |
|
|
|a 316.728
|2 2001
|
| 080 |
|
|
|a (05)"520*1"(437.6)
|2 2011
|
| 245 |
0 |
0 |
|a Buongiorno Slovacchia
|b quotidiano nazionale Slovacco in lingua italiana
|
| 260 |
|
|
|a Bratislava
|b Slovakia group
|c 2009-2018
|
| 260 |
3 |
|
|3 182/2014-
|a Bratislava
|b Buongiorno Slovacchia
|
| 300 |
|
|
|a zv.
|c 30 cm
|
| 310 |
|
|
|a Denne
|
| 362 |
0 |
|
|a Anno 1, nu. 1 (10. 12. 2009)- Anno 7, nu. 73 (2015) ; Anno 8, nu. 1 (2.5.2016)-Anno 8, nu. 186 (2017) ; Anno 10, nu. 1 (2.5.2018) -Anno 10, nu. 21 (31.5.2018)
|
| 500 |
|
|
|a Podnázov: celoslovenský denník v talianskom jazyku
|
| 500 |
|
|
|a Reg. MK SR: EV 3717/09
|
| 500 |
|
|
|a Šéfredaktor: 1/2009-107/2010, Ettore Bellucci ; 108/2010- , Pierluigi Solieri
|
| 500 |
|
|
|a V r. 2015 došlo k dočasnému pozastaveniu vydávania titulu, posledné tlačené číslo vyšlo č.73/2015. V máji 2016 bolo vydávanie opäť obnovené
|
| 500 |
|
|
|a V novembri 2017 došlo opäť k dočasnému pozastaveniu vydávania titulu do 30.4.2018, posledné tlačené číslo vyšlo č.186/2017 ; vydávanie obnovené 2.5.2018
|
| 515 |
|
|
|a V r. 2016 označenie roč. VII
|
| 650 |
0 |
7 |
|a politika
|2 SNKPH
|9 968
|
| 650 |
0 |
7 |
|a ekonómia
|2 SNKPH
|9 788
|
| 650 |
0 |
7 |
|a spoločenský život
|2 SNKPH
|9 28654
|
| 655 |
|
7 |
|a celoštátne denníky
|2 SNKPH
|9 70758
|
| 700 |
1 |
|
|a Bellucci, Ettore
|4 pbd
|9 274799
|
| 700 |
1 |
|
|a Solieri, Pierluigi
|4 pbd
|9 274800
|
| 852 |
|
|
|a Štátna vedecká knižnica v Banskej Bystrici
|
| 910 |
|
|
|a snk
|
| 916 |
|
|
|a 2009-2014
|
| 999 |
|
|
|c 11044
|d 12974
|
| 952 |
|
|
|0 0
|1 0
|4 0
|7 0
|8 0
|a SNK
|b SNK
|d 2015-07-14
|f 1
|i snk2015/21584
|l 0
|o snkČSB 6013/1/2009
|p 17A1096406
|r 2026-02-21 19:35:16
|t č. 1-14
|w 2026-02-21
|y PREZ
|
| 952 |
|
|
|0 0
|1 0
|4 0
|7 0
|8 0
|a SNK
|b SNK
|d 2015-07-14
|f 1
|i snk2015/21587
|l 0
|o snkČSB 6013/2/2010
|p 17A1096407
|r 2026-02-21 19:35:17
|t č. 1-252, neúplné
|w 2026-02-21
|y PREZ
|z chýba č. 25, 62, 247
|
| 952 |
|
|
|0 0
|1 0
|4 0
|7 0
|8 0
|a SNK
|b SNK
|d 2015-07-14
|f 1
|i snk2015/21590
|l 0
|o snkČSB 6013/3/2011
|p 17A1096408
|r 2026-02-21 19:35:17
|t č. 1-250, neúplné
|w 2026-02-21
|y PREZ
|z chýba č. 120, 121, 122, 132
|
| 952 |
|
|
|0 0
|1 0
|4 0
|7 0
|8 0
|a SNK
|b SNK
|d 2015-07-14
|f 1
|i snk2015/21591
|l 0
|o snkČSB 6013/4/2012
|p 17A1096409
|r 2026-02-21 19:35:17
|t č. 1-246, neúplné
|w 2026-02-21
|y PREZ
|z chýba č. 85, 156
|
| 952 |
|
|
|0 0
|1 0
|4 0
|7 0
|8 0
|a SNK
|b SNK
|d 2015-07-14
|f 1
|i snk2015/21594
|l 0
|o snkČSB 6013/5/2013
|p 17A1096391
|r 2026-02-21 19:35:17
|t č. 1-242, neúplné
|w 2026-02-21
|y PREZ
|z chýba č. 88, 194, 207
|
| 952 |
|
|
|0 0
|1 0
|4 0
|7 0
|8 0
|a SNK
|b SNK
|d 2015-07-14
|f 1
|i snk2015/21595
|l 0
|o snkČSB 6013/6/2014
|p 17A1096392
|r 2026-02-21 19:35:17
|t č. 1-227, neúplné
|w 2026-02-21
|y PREZ
|z chýba č. 163
|
| 952 |
|
|
|0 0
|1 0
|4 0
|7 0
|8 0
|a SNK
|b SNK
|d 2015-07-14
|i snk2015/21599
|l 0
|o snkČSB 6013/1/2009 D1
|p 17A1096393
|r 2026-02-21 19:35:17
|t č. 1-14
|w 2026-02-21
|y PREZ
|
| 952 |
|
|
|0 0
|1 0
|4 0
|7 0
|8 0
|a SNK
|b SNK
|d 2015-07-14
|i snk2015/21605
|l 0
|o snkČSB 6013/2/2010 D1
|p 17A1096394
|r 2026-02-21 19:35:17
|t č. 1-252, neúplné
|w 2026-02-21
|y PREZ
|z chýba č. 25, 62, 144, 178, 179, 180, 247
|
| 952 |
|
|
|0 0
|1 0
|4 0
|7 0
|8 0
|a SNK
|b SNK
|d 2015-07-14
|i snk2015/21624
|l 0
|o snkČSB 6013/3/2011 D1
|p 17A1096395
|r 2026-02-21 19:35:17
|t č. 1-250, neúplné
|w 2026-02-21
|y PREZ
|z chýba č. 91, 92, 95, 96, 120, 121, 122, 132
|
| 952 |
|
|
|0 0
|1 0
|4 0
|7 0
|8 0
|a SNK
|b SNK
|d 2015-07-14
|i snk2015/21627
|l 0
|o snkČSB 6013/4/2012 D1
|p 17A1096396
|r 2026-02-21 19:35:17
|t č. 1-246, neúplné
|w 2026-02-21
|y PREZ
|z chýba č. 85, 156
|
| 952 |
|
|
|0 0
|1 0
|4 0
|7 0
|8 0
|a SNK
|b SNK
|d 2015-07-14
|i snk2015/21632
|l 0
|o snkČSB 6013/5/2013 D1
|p 17A1096397
|r 2026-02-21 19:35:17
|t č. 1-242, neúplné
|w 2026-02-21
|y PREZ
|z chýba č. 9, 88, 194, 207
|
| 952 |
|
|
|0 0
|1 0
|4 0
|7 0
|8 0
|a SNK
|b SNK
|d 2015-07-14
|i snk2015/21634
|l 0
|o snkČSB 6013/6/2014 D1
|p 17A1096398
|r 2026-02-21 19:35:17
|t č. 1-227, neúplné
|w 2026-02-21
|y PREZ
|z chýba č. 163
|
| 952 |
|
|
|0 0
|1 0
|4 0
|7 0
|8 0
|a SNK
|b SNK
|d 2019-04-01
|f 1
|i snk2019/9139
|l 0
|o snkČSB 6013/7/2015
|p 17A1365775
|r 2026-02-21 21:59:01
|t č. 1-73
|w 2026-02-21
|y PREZ
|
| 952 |
|
|
|0 0
|1 0
|4 0
|7 0
|8 0
|a SNK
|b SNK
|d 2019-04-01
|i snk2019/9140
|l 0
|o snkČSB 6013/7/2015 D1
|p 17A1365776
|r 2026-02-21 21:59:01
|t č. 1-73
|w 2026-02-21
|y PREZ
|
| 952 |
|
|
|0 0
|1 0
|4 0
|7 0
|8 0
|a SNK
|b SNK
|d 2019-04-01
|f 1
|i snk2019/9143
|l 0
|o snkČSB 6013/7/2016
|p 17A1365777
|r 2026-02-21 21:59:01
|t č. 1-155
|w 2026-02-21
|y PREZ
|z Označenie roč. VII
|
| 952 |
|
|
|0 0
|1 0
|4 0
|7 0
|8 0
|a SNK
|b SNK
|d 2019-04-01
|i snk2019/9145
|l 0
|o snkČSB 6013/7/2016 D1
|p 17A1365778
|r 2026-02-21 21:59:01
|t č. 1-155
|w 2026-02-21
|y PREZ
|
| 952 |
|
|
|0 0
|1 0
|4 0
|7 0
|8 0
|a SNK
|b SNK
|d 2019-04-01
|f 1
|i snk2019/9147
|l 0
|o snkČSB 6013/8/2017
|p 17A1365779
|r 2026-02-21 21:59:01
|t č. 1-186
|w 2026-02-21
|y PREZ
|
| 952 |
|
|
|0 0
|1 0
|4 0
|7 0
|8 0
|a SNK
|b SNK
|d 2019-04-01
|i snk2019/9149
|l 0
|o snkČSB 6013/8/2017 D1
|p 17A1365780
|r 2026-02-21 21:59:01
|t č. 1-186, neúplné
|w 2026-02-21
|y PREZ
|z Chýba č. 10
|
| 952 |
|
|
|0 0
|1 0
|4 0
|7 0
|8 0
|a SNK
|b SNK
|d 2019-04-01
|f 1
|i snk2019/9151
|l 0
|o snkČSB 6013/10/2018
|p 17A1365781
|r 2026-02-21 21:59:01
|t č. 1-21
|w 2026-02-21
|y PREZ
|
| 952 |
|
|
|0 0
|1 0
|4 0
|7 0
|8 0
|a SNK
|b SNK
|d 2019-04-01
|i snk2019/9152
|l 0
|o snkČSB 6013/10/2018 D1
|p 17A1365782
|r 2026-02-21 21:59:01
|t č. 1-21
|w 2026-02-21
|y PREZ
|